| 000 | 00828nam a22002412 4500 | ||
|---|---|---|---|
| 001 | 0000019964 | ||
| 005 | 20151217154437.0 | ||
| 008 | 110405s xx 000 0 eng d | ||
| 020 | _a9966854568 : | ||
| 040 |
_aKABU _cKABU |
||
| 245 | 1 | 0 |
_aContemporary publishing and book trade in Kenya / _cD. C. Rotich and K. S. Buigutt (editors) |
| 250 | _a1st ed. | ||
| 260 |
_aMoi university, Eldoret : _bMoi university, _c2009. |
||
| 300 | _ax, 101 p. | ||
| 650 | 0 |
_aPublishers and publishing _zKenya. _@0000179976 |
|
| 650 | 0 |
_aBook industries and trade _zKenya. _@0000179977 |
|
| 700 | 1 |
_aRotich, D. C. _@0000179978 |
|
| 700 | 1 |
_aBuigutt, K. S. _@0000179979 |
|
| 852 | 1 | _9p300 KES | |
| 852 | 1 | _9p390 KES | |
| 908 | _a110405 | ||
| 950 | _@1 | ||
| 999 |
_c11297 _d11297 |
||